[Event "BCF-chT2 1718 (4NCL) Demotion pool"]
[Site "England"]
[Date "2018.05.07"]
[Round "11.56"]
[White "Selway, Richard P"]
[Black "Ho, Conrad"]
[Result "1-0"]
[WhiteElo "2047"]
[BlackElo "2068"]
[PlyCount "43"]
[EventDate "2017.11.11"]
[EventType "team-tourn"]
[EventRounds "11"]
[EventCountry "ENG"]
[SourceTitle "EXT 2020"]
[Source "ChessBase"]
[SourceDate "2019.10.17"]
[SourceVersion "1"]
[SourceVersionDate "2019.10.17"]
[SourceQuality "1"]
[WhiteTeam "KJCA Kings"]
[BlackTeam "White Rose II"]
[WhiteTeamCountry "ENG"]
[BlackTeamCountry "ENG"]

1. d4 Nf6 2. Bf4 e6 3. e3 b6 4. Nf3 Bb7 5. h3 Ne4 6. Bd3 f5 7. Nbd2 Be7 8. Qe2 c5 9. 0-0-0 0-0 10. g4 d5 11. gxf5 exf5 12. Ne5 c4 13. Bxe4 fxe4 14. Rdg1 c3 15. bxc3 Nd7 16. Qg4 Rf7 17. Nxf7 Kxf7 18. Qxg7+ Ke8 19. Qxh7 Nf8 20. Qh5+ Kd7 21. Qf5+ Kc6 22. c4 1-0

[Event "BCF-chT2 1718 (4NCL) Demotion pool"]
[Site "England"]
[Date "2018.05.06"]
[Round "10.65"]
[White "Selway, Richard P"]
[Black "Guthrie, David"]
[Result "0-1"]
[WhiteElo "2047"]
[BlackElo "2137"]
[PlyCount "90"]
[EventDate "2017.11.11"]
[EventType "team-tourn"]
[EventRounds "11"]
[EventCountry "ENG"]
[SourceTitle "EXT 2020"]
[Source "ChessBase"]
[SourceDate "2019.10.17"]
[SourceVersion "1"]
[SourceVersionDate "2019.10.17"]
[SourceQuality "1"]
[WhiteTeam "KJCA Kings"]
[BlackTeam "Kings Head"]
[WhiteTeamCountry "ENG"]
[BlackTeamCountry "ENG"]

1. d4 Nf6 2. Bf4 g6 3. Nc3 d6 4. e4 c6 5. Qd2 b5 6. Bd3 Nbd7 7. Nf3 b4 8. Ne2 a5 9. a3 Rb8 10. 0-0 c5 11. e5 Nd5 12. exd6 Nxf4 13. Nxf4 e6 14. Rfe1 Bh6 15. Qe3 cxd4 16. Nxd4 Qf6 17. Nd5 Bxe3 18. Nxf6+ Nxf6 19. Rxe3 Bd7 20. axb4 axb4 21. Nb5 0-0 22. Nc7 Rb6 23. Ra6 Rfb8 24. Bc4 Rxa6 25. Nxa6 Rb6 26. Kf1 Ne8 27. Nc5 Rxd6 28. Nxd7 Rxd7 29. Rxe6 Nd6 30. Bb3 fxe6 31. Bxe6+ Rf7 32. c4 Kg7 33. Bxf7 Kxf7 34. c5 Ne4 35. c6 Ke6 36. Ke2 Kd6 37. Kd3 Nxf2+ 38. Kc4 Kxc6 39. Kxb4 Ng4 40. h3 Ne3 41. g3 Nd1 42. b3 Nf2 43. h4 h5 44. Kc4 Ne4 45. Kd4 Nxg3 0-1

[Event "BCF-chT2d 1516 (4NCL) Demotion pool"]
[Site "England"]
[Date "2016.05.02"]
[Round "11"]
[White "Selway, Richard P"]
[Black "Punnett, Alan Kenneth"]
[Result "1-0"]
[WhiteElo "2110"]
[BlackElo "2125"]
[PlyCount "51"]
[EventDate "2015.11.14"]
[EventType "team-tourn"]
[EventRounds "4"]
[EventCountry "ENG"]
[SourceTitle "EXT 2023"]
[Source "ChessBase"]
[SourceDate "2022.10.05"]
[SourceVersion "1"]
[SourceVersionDate "2022.10.05"]
[SourceQuality "1"]
[WhiteTeam "The ADS"]
[BlackTeam "Guildford III"]
[WhiteTeamCountry "ENG"]
[BlackTeamCountry "ENG"]

1. e4 e6 2. d3 d5 3. Nd2 Nf6 4. Ngf3 c5 5. g3 Nc6 6. Bg2 Be7 7. 0-0 0-0 8. Re1 b5 9. e5 Nd7 10. Nf1 c4 11. Bf4 a5 12. h4 cxd3 13. cxd3 Ba6 14. Ne3 b4 15. d4 Qb6 16. h5 f5 17. exf6 Nxf6 18. Bh3 Nxh5 19. Bxe6+ Kh8 20. Nxd5 Qb7 21. Ne5 Nxf4 22. Nxf4 Nxe5 23. Rxe5 Rad8 24. Ng6+ hxg6 25. Rh5+ gxh5 26. Qxh5# 1-0

[Event "BCF-chT3S 1314 (4NCL)"]
[Site "England"]
[Date "2014.01.12"]
[Round "4.90"]
[White "Sargent, John M"]
[Black "Selway, Richard P"]
[Result "0-1"]
[WhiteElo "1754"]
[BlackElo "2042"]
[PlyCount "92"]
[EventDate "2013.11.16"]
[EventType "team-swiss"]
[EventRounds "6"]
[EventCountry "ENG"]
[SourceTitle "EXT 2015"]
[Source "ChessBase"]
[SourceDate "2014.11.20"]
[SourceVersion "1"]
[SourceVersionDate "2014.11.20"]
[SourceQuality "1"]
[WhiteTeam "BCM Bison IV"]
[BlackTeam "KJCA Knights"]
[WhiteTeamCountry "ENG"]
[BlackTeamCountry "ENG"]

1. e4 e6 2. d4 d5 3. exd5 exd5 4. Bd3 Nc6 5. c3 Bd6 6. Ne2 Bg4 7. Qc2 Nge7 8. Nd2 Qd7 9. Nf1 Bf5 10. Bf4 0-0-0 11. Bxd6 Bxd3 12. Qxd3 Qxd6 13. Ne3 Rde8 14. 0-0-0 h5 15. h4 Qf6 16. g3 Nd8 17. Nf4 c6 18. Rhf1 Ne6 19. Nxe6 fxe6 20. Rde1 Kd7 21. Re2 Nc8 22. Rfe1 Nd6 23. Ng2 Ne4 24. Rf1 e5 25. dxe5 Rxe5 26. Ne1 Rhe8 27. f4 Nc5 28. Rxe5 Nxd3+ 29. Nxd3 Rxe5 30. Nxe5+ Kc7 31. Rf3 Qf5 32. Rd3 Qe4 33. a3 c5 34. b3 Qe1+ 35. Kb2 Qe4 36. a4 b6 37. Kc1 a6 38. Kb2 b5 39. axb5 axb5 40. Kc1 Qg2 41. Kb1 c4 42. bxc4 bxc4 43. Rf3 Kb6 44. Kc1 Qe2 45. Kb1 Kb5 46. Kc1 Ka4 0-1